Tréner kordistov vidí v trinásťročnej Vietnamke nádej pre olympiádu

Bibliographic Details
Format: Article
Language:Slovak
PhysicalDescription:Obr.
ISSN:1336-5320
Subjects:
Online Access:www.korzar.sk

MARC

LEADER 00000nab a2200000 a 4500
001 vtls009004721
003 SK-MaSNL
005 20260303065645.0
008 070703 2007 xo r r 000 0 slo
038 |a KEVKJB 
040 |a KEVKJB  |b slo  |c KEVKJB  |e AACR2 
041 0 |a slo 
044 |a xo  |c SK 
080 |a 796.86  |2 2001 
245 0 0 |a Tréner kordistov vidí v trinásťročnej Vietnamke nádej pre olympiádu  |c [autor] mat 
300 |b Obr. 
610 2 7 |a Šermiarska spoločnosť Willard (Košice, Slovensko)  |2 kevkjb  |9 1066014 
610 2 7 |a Súkromné školské športové stredisko Kometa (Košice, Slovensko)  |2 kevkjb  |9 1066015 
650 0 7 |a šerm  |2 SNKPH  |9 3252 
651 7 |a Košice (Slovensko)  |2 SNKPHgeo  |9 18694 
773 0 |t Košický večer  |g Roč. 18(39), č. 26 (29.6.2007), s. 22  |x 1336-5320 
852 |a KEVKJB  |b KIS3GCP 
856 4 1 |u www.korzar.sk 
999 |c 1752079  |d 1754009